Notion by The Rare Occasions - Statistics

General Stats
  • This quiz has been taken 90 times
  • The average score is 121 of 198
Answer Stats
Answer % Correct
a
100%
I
100%
no
100%
not
100%
it,
98%
it
98%
It's
98%
it's
98%
notion,
96%
notion
96%
the
92%
But
90%
calming
90%
don't
88%
in
88%
motion
88%
perpetual
85%
Sure
85%
sure
85%
of
83%
see
83%
see,
83%
you
83%
You
83%
when
81%
back
77%
there
77%
comfort
75%
end
75%
need
75%
is
73%
Oh,
73%
be
71%
to
71%
To
71%
and
69%
ending
69%
lie...
69%
was
69%
younger,
67%
any
63%
Rise
63%
what
63%
for
60%
For
60%
ascending
58%
have
58%
lies
58%
youngsters
58%
sunshine
54%
they
54%
always
52%
me
52%
on
52%
seen
52%
at
50%
other
50%
won't
50%
all
48%
by
48%
I'm
48%
limit,
46%
could
44%
told
44%
window,
44%
beneath
42%
'Cause
42%
death
42%
earth
42%
That
42%
staring
40%
torture
40%
would
40%
Would
40%
even
38%
life
38%
live
38%
or
38%
up
38%
If
35%
light
35%
matter
35%
there's
35%
beam
33%
carry
33%
forever
33%
lever
33%
momentary
33%
my
33%
pull
33%
signed
33%
this
33%
your
33%
anymore?
31%
ocean
23%
cross
19%
face
17%
those
17%
wait
17%
devotion
15%
fit
15%
salty
15%
decades
13%
every
13%
front
13%
get
13%
body
10%
fragile
10%
gate,
10%
second,
10%
through
10%
beckons
8%
better
8%
shining
8%
think
8%
ancient
6%
letters
6%
owed
4%
believing
2%
No matching quizzes found
Score Distribution
Percent of People with Each Score
Percentile by Number Answered
Your Score History
You have not taken this quiz